50 Biggest Cities in Georgia - Statistics

General Stats
  • This quiz has been taken 14 times
  • The average score is 21 of 50
Answer Stats
# Pop. City % Correct
1 530,106 Atlanta
100%
5 149,465 Savannah
100%
2 201,590 Augusta
92%
3 199,237 Columbus
92%
4 157,065 Macon
92%
6 129,417 Athens
83%
10 89,009 Warner Robins
75%
12 67,929 Alpharetta
67%
14 64,165 Marietta
67%
31 39,183 Rome
67%
18 55,788 Valdosta
67%
8 104,151 Sandy Springs
58%
7 113,884 South Fulton
58%
37 35,243 Dalton
50%
20 50,467 Gainesville
50%
11 80,458 Johns Creek
50%
13 65,506 Albany
42%
50 26,014 Cartersville
42%
23 43,319 Douglasville
42%
19 51,894 Dunwoody
42%
33 37,338 Hinesville
42%
29 39,924 Kennesaw
42%
25 41,952 Peachtree City
42%
9 91,871 Roswell
42%
35 36,107 Statesboro
42%
16 60,666 Brookhaven
33%
41 33,758 Duluth
33%
32 38,205 East Point
33%
22 43,623 Mableton
33%
21 46,904 Newnan
33%
17 57,682 Smyrna
33%
15 61,888 Stonecrest
33%
28 40,377 Canton
25%
42 33,375 Chamblee
25%
38 34,879 LaGrange
25%
43 32,544 Lawrenceville
25%
26 41,536 Milton
25%
24 42,834 Peachtree Corners
25%
40 33,917 Pooler
25%
47 29,060 Carrollton
17%
30 39,727 Evans
17%
44 32,378 Martinez
17%
39 34,526 McDonough
17%
36 35,969 Stockbridge
17%
48 28,751 Union City
17%
27 41,454 Woodstock
17%
49 26,721 Perry
8%
46 29,829 Redan
8%
45 30,329 Sugar Hill
8%
34 37,256 Tucker
8%
No matching quizzes found
Score Distribution
Percent of People with Each Score
Percentile by Number Answered
Your Score History
You have not taken this quiz